banner-ar

شباب الشرق الاوسط : (Record no. 63836)

MARC details
000 -الفاتح
حقل البيانات ثابتة الطول 01422nam a22003137a 4500
005 - وقت وتاريخ اخر تعامل مع التسجيلة
رقم الضبط 20240530110701.0
008 - عناصر البيانات ثابتة الطول - معلومات عامة
حقل البيانات ثابتة الطول 171225s2016 ua a g b 000 0dara d
017 ## - رقم الايداع القانونى
رقم الايداع القانونى 2015/16925
المصدر ( الهيئة المختصة) مصر. دار الكتب
020 ## - الرقم الدولى المعيارى للكتب
الرقم الدولى المعيارى للكتاب 9789779203959
040 ## - مصدر الفهرسة
وكالة الفهرسة الأصلية EG-CaGPL
وكالة النسخ EG-CaGPL
082 04 - رقم تصنيف ديوى العشرى
رقم الطبعة 21
رقم التصنيف 331.13\
رقم المادة د ش
100 1# - المدخل الرئيسى - إسم شخصى
الإسم الشخصى ديلون ، نافتيج
245 10 - بيان العنوان
العنوان شباب الشرق الاوسط :
بقية العنوان جيل يترقب ووعود لا تتحقق /
بيان المسئوليه,etc تحرير نافتيج ديلون ، طارق يوسف ؛ ترجمة نادية جمال الدين ، السيد يوسف عبدالغنى .
250 ## - بيان الطبعة
بيان الطبعة ط.1
260 ## - PUBLICATION, DISTRIBUTION, ETC. (IMPRINT)
تاريخ النشر أو التوزيع 2016 .
300 ## - الوصف المادى
التعداد 437 ص. ؛
أبعاد الوعاء 24 سم.
490 ## - بيان السلسلة
عنوان السلسلة المركز القومى للترجمة ؛
رقم المجلد/ التعيين التسلسلي 2415
650 07 - المدخل الاضافى بالموضوع-مصطلح موضوعى
مصدر الرأس أو المصطلح qrmak
مصطلح موضوعي الشباب فى الشرق الاوسط
650 07 - المدخل الاضافى بالموضوع-مصطلح موضوعى
مصدر الرأس أو المصطلح qrmak
مصطلح موضوعي التنمية البشرية
التقسيم الفرعي الجغرافي اليمن
650 07 - المدخل الاضافى بالموضوع-مصطلح موضوعى
مصدر الرأس أو المصطلح qrmak
مصطلح موضوعي الشباب
التقسيم الفرعي الجغرافي مصر
650 07 - المدخل الاضافى بالموضوع-مصطلح موضوعى
مصدر الرأس أو المصطلح qrmak
مصطلح موضوعي الشباب
التقسيم الفرعي الجغرافي سوريا
650 07 - المدخل الاضافى بالموضوع-مصطلح موضوعى
مصدر الرأس أو المصطلح qrmak
مصطلح موضوعي الترجمة الشفهية
651 07 - المدخل الاضافى بالموضوع - اسم جغرافى
مصدر الرأس أو المصطلح qrmak
الاسم الجغرافي الشرق الاوسط
التقسيم الفرعي العام الاحوال السياسية
700 0# - المدخل الاضافى - اسم شخصى
الإسم الشخصى طارق يوسف
الدور محرر مشارك
700 0# - المدخل الاضافى - اسم شخصى
الإسم الشخصى نادية جمال الدين
الدور مترجم
700 0# - المدخل الاضافى - اسم شخصى
الإسم الشخصى السيد يوسف عبدالغنى
الدور مترجم مشارك
942 ## - عناصر المدخل الإضافي( كوها)
مصدر التصنيف او مخطط الترفيف Dewey Decimal Classification
Koha [default] item type كتاب
260 ## - PUBLICATION, DISTRIBUTION, ETC. (IMPRINT)
-- القاهرة :
-- المركز القومى للترجمة ،
Holdings
حالة التراجع حالة الفقد حالة تلف ليس للاعارة المكان المؤقت الموقع الحالى موقع الترفيف تاريخ الاكتساب اجمالي اﻻعارات رقم الطلب الباركود تاريخ اخر مشاهدة تاريخ تفعيل السعر نوع وعاء كوها
        مكتبة القاهرة الكبرى مكتبة القاهرة الكبرى القاعة الرئيسية 01/10/2018   331.13\ د ش 163948 01/10/2018 01/10/2018 كتاب

Powered By

EGPV